00937nam a2200253 i 450000100060000000300090000600500170001500700030003200800410003502000180007608000140009424502920010826000350040030000220043549000240045763000130048170000220049470000210051670000310053770000220056870000360059083000240062685200330065073402ES-MaACL20251120144414.0t|041006s1978 sp ||||1| spa d a84-350-0203-9 a295.511.800aI Ching b: el Libro de las Mutaciones / cversión del chino al alemán, con comentarios, por Richard Wilhelm ; traducción al español, con presentación y notas por D.J. Vogelmann ; prólogos de C.G. Jung, Richard Wilhelm y Hellmut Wilhelm ; y el poema ... de Jorge Luis Borges. aBarcelona : bEdhasa, c[1978] a819 p. ; c20 cm.1 aColección Mandala07aI ching.1 aWilhelm, Richard.1 aVogelmann, D. J.1 aJung, Carl G., d1875-19611 aWilhelm, Hellmut.1 aBorges, Jorge Luis, d1899-19860 aColección Mandala aES-MaACLjL-28236 bR.133946